MARC

LEADER 00000nam0a2200000 4500
001 679691
005 20250415153614.0
090 |a 679691 
100 |a 20250415d1979 k||y0rusy50 ca 
101 0 |a rus 
102 |a AZ 
105 |a y z 001yy 
181 0 |a i   |b  e  
182 0 |a n 
183 0 |a nc  |2 RDAcarrier 
200 1 |a Моделирование и синтез знаний  |f Н. М. Мамедов  |g Институт философии и права АН АзербССР 
203 |a Текст  |b визуальный  |c непосредственный 
210 |a Баку  |c Элм  |d 1979 
215 |a 97 с. 
283 |a volume  |2 RDAcarrier 
320 |a Библиогр. в тексте 
606 |a Научное знание  |9 64383 
610 1 |a наука 
610 1 |a взаимодействие 
610 1 |a моделирование 
610 1 |a синтез 
610 1 |a познание 
610 1 |a интегративные процессы 
610 1 |a сложные системы 
686 |2 rubbk  |a Ю251 
700 1 |a Мамедов  |b Н. М.  |g Низами Мустафа 
712 0 2 |a Академия наук Азербайджанской ССР  |b Институт философии и права  |4 570  |9 26598 
801 0 |a RU  |b 63413507  |c 20250415 
830 |a Ретро2025Каталогизация Кузнецова 
850 |a 63413507 
942 |c BK